| 000 | 00602nam a2200181 i 4500 | ||
|---|---|---|---|
| 001 | 79379 | ||
| 003 | ES-MaACL | ||
| 005 | 20230906173950.0 | ||
| 007 | t| | ||
| 008 | 041021s1976 sp |||| |bspa d | ||
| 100 | 1 |
_aHernández Mora, Juan. _963003 |
|
| 245 | 1 | 3 |
_aEl doctor Juan Comas Camps _b: investigador emérito de la Universidad de México : noticia de su vida y de su obra / _cJuan Hernández Mora. |
| 260 |
_aMahón : _b[s.n., _c1976] |
||
| 300 |
_a62 p., 1 lám. : _bil. ; _c25 cm. |
||
| 600 | 1 | 4 |
_aComas, Juan ( _d1900-1979) _939937 |
| 852 | 4 |
_aES-MaACL _jA-7062 |
|
| 852 | 4 |
_aES-MaACL _jA-6268 |
|
| 999 |
_c79379 _d79379 |
||